000
00307nam a2200121Ia 4500
008
240624s9999 xx 000 0 und d
041
_a
eng
082
_a
020 KUM
100
_a
LAL C
245
_a
LIBRARY AND INFORMATION SCIENCE UGC NET
260
_c
2013
_a
New Delhi
_b
Ess ESS Publications
365
_c
RS
_b
30
999
_c
27988
_d
27988